| 000 | 005960000a22001810004500 | ||
|---|---|---|---|
| 003 | MACL | ||
| 005 | 20160529164151.0 | ||
| 008 | 160529b xxu||||| |||| 00| 0 eng d | ||
| 040 |
_aMACL _cMACL |
||
| 041 | _aHindi | ||
| 082 | _a900 CHO | ||
| 100 |
_aचौहान, जया _960901 |
||
| 245 |
_aपब्बर _bइतिहास एवं संस्कृति _cजया चौहान |
||
| 260 |
_bविश्व पुसतक केन्द्र _c2003 _aनई दिल्ली |
||
| 350 | _a75 | ||
| 650 |
_aHistory _960902 |
||
| 942 |
_cHIN _k900 _2ddc |
||
| 999 |
_c18166 _d18166 |
||